书目信息 |
| 题名: |
植物检疫技术
|
|
| 作者: | 王中武 , 赵秀娟 , 卢颖 主编 | |
| 分册: | ||
| 出版信息: | 北京 化学工业出版社 2010.9 |
|
| 页数: | 210页 | |
| 开本: | 26cm | |
| 丛书名: | ||
| 单 册: | ||
| 中图分类: | S41 | |
| 科图分类: | ||
| 主题词: | 植物检疫--高等教育--教材 , 植物检疫 | |
| 电子资源: | ||
| ISBN: | 978-7-122-09171-0 | |
| 000 | 00992nam0 2200277 45 | |
| 001 | 1355432530 | |
| 005 | 20130513145815.76 | |
| 010 | @a978-7-122-09171-0@dCNY29.00(含光盘) | |
| 100 | @a20130108d2010 em y0chiy0110 ea | |
| 101 | 0 | @achi |
| 102 | @aCN@b110000 | |
| 105 | @aak z 000yy | |
| 106 | @ar | |
| 200 | 1 | @a植物检疫技术@AZhi Wu Jian Yi Ji Shu@f王中武,赵秀娟,卢颖主编@FWang Zhong Wu, Zhao Xiu Juan, Lu Ying Zhu Bian |
| 210 | @a北京@c化学工业出版社@d2010.9 | |
| 215 | @a210页@c图@d26cm@e附光盘1片 | |
| 300 | @a高职高专“十一五”规划教材 农林牧渔系列 | |
| 330 | @a本书共15章,内容包括:绪论;植物检疫原理;国内农业植物检疫;进出境植物检疫;植物检疫检验技术;植物检疫处理技术;植物检疫性真菌病害等。 | |
| 606 | 0 | @a植物检疫@x高等教育@j教材 |
| 606 | 0 | @a植物检疫 |
| 690 | @aS41@v5 | |
| 701 | 0 | @a王中武@AWang Zhong Wu@4主编 |
| 701 | 0 | @a赵秀娟@AZhao Xiu Juan@4主编 |
| 701 | 0 | @a卢颖@ALu Ying@4主编 |
| 801 | @aCN@bTANGWEI@c20130111 | |
| 905 | @b0831337-39@dS41@e83@f3 | |
| 植物检疫技术/王中武,赵秀娟,卢颖主编.-北京:化学工业出版社,2010.9 |
| 210页:图;26cm+附光盘1片 |
| 高职高专“十一五”规划教材 农林牧渔系列 |
| ISBN 978-7-122-09171-0:CNY29.00(含光盘) |
| 本书共15章,内容包括:绪论;植物检疫原理;国内农业植物检疫;进出境植物检疫;植物检疫检验技术;植物检疫处理技术;植物检疫性真菌病害等。 |
| ● |
| 相关链接 |
|
|
|
|
正题名:植物检疫技术
索取号:S41/83
 
预约/预借
| 序号 | 登录号 | 条形码 | 馆藏地/架位号 | 状态 | 备注 |
| 1 | 0831337 | 208313378 | 第二样本阅览室/ [索取号:S41/83] | 在馆 | |
| 2 | 0831338 | 208313387 | 第三借阅区/ [索取号:S41/83] | 在馆 | |
| 3 | 0831339 | 208313396 | 第三借阅区/ [索取号:S41/83] | 在馆 |